| 000 | 00731nas a2200241 4500 | ||
|---|---|---|---|
| 001 | BR0904182 | ||
| 003 | BR-BrBNA | ||
| 005 | 20231205113247.0 | ||
| 007 | ta | ||
| 008 | 230509b bl.|||p| |||| 00| 00por d | ||
| 040 |
_aBR-BrBNA _bpor _cBiblioteca Nacional de Agricultura |
||
| 041 | _a(Pt) | ||
| 072 | _aE11 | ||
| 100 | 1 | _aSantiago, M.M.D. | |
| 100 | 1 | _aSilva, V. da | |
| 245 | 1 | _aA politica de crédito rural brasileira e o endividamento do setor agrícola. | |
| 650 | _aCRÉDITO RURAL | ||
| 650 | _aSETOR AGRÍCOLA | ||
| 650 | _aENDIVIDAMENTO | ||
| 773 | 0 |
_tAgricultura em São Paulo (Brazil) _xISSN 0044-6793 _g(1999), v. 46(2) p. 47-69 _wBR0904182 |
|
| 909 |
_a202311 _bLúcia _c55 _dLúcia Elande |
||
| 942 |
_2AGRIS _n0 _cANA |
||
| 999 |
_c202762 _d202762 |
||